000 00520nam a2200193Ia 4500
008 131103s9999 xx 000 0 und d
020 _a340056126
040 _aLoreto College
041 _aEnglish
082 _a371.63/DUM
_bLCBED/4905
100 _aDumpleton, John Le F.
245 _aHandwriting
_cJohn Le F.Dumpleton
260 _aLondon
_bTeach Yourself Books
_c1971
300 _a191p.
_b ills.
_c 17cm.
504 _aIncludes bibliography
650 _aEducation
850 _aLCBED/371.63/DUM
942 _cBK
999 _c27689
_d78168